000 01261nam a22003017a 4500
999 _c64232
_d64232
005 20240530110721.0
008 180325s2016 ua bh g b 000 0dara d
017 _a2015/25174
_bمصر. دار الكتب
020 _a9789779204772
040 _aEG-CaGPL
_cEG-CaGPL
082 0 4 _221
_a526 /
_bب ج
100 1 _aبيسيريت، ديقيد
245 1 0 _aجولة مع صناع الخرائط :
_bوصف للبلدان الجديدة فى عصر النهضة الاوربية /
_cتاليف ديفيد بيسيريت ؛ ترجمة محمد ابراهيم
250 _aط.1
260 _aالقاهرة :
_bالمركز القومى للترجمة ،
_c2016.
300 _a341 ص. :
_bايض ؛
_c24 سم.
490 0 _aالمركز القومى للترجمة ؛
_v2873.
504 _aيشتمل على ارجاعات ببليوجرافية
650 0 7 _2qrmak
_aالخرائط
_xصناعة وتجارة
650 0 7 _2qrmak
_aالخرائط
_yعصر النهضة
650 0 7 _2qrmak
_aرسم الخرائط
650 0 7 _2qrmak
_aالخرائط
650 0 7 _2qrmak
_aالخرائط
_xمقياس الرسم
651 _2qrmak
700 0 _aمحمد ابراهيم
_eمترجم
942 _2ddc
_cBK